[Event "Interzonal-16"]
[Site "Biel"]
[Date "1993.??.??"]
[Round "5"]
[White "Van Wely, Loek"]
[Black "Hjartarson, Johann"]
[Result "0-1"]
[WhiteElo "2585"]
[BlackElo "2605"]
[Annotator "Dautov,R"]
[PlyCount "110"]
[EventDate "1993.07.16"]
[EventType "swiss"]
[EventRounds "13"]
[EventCountry "SUI"]
[SourceTitle "CBM 037"]
[Source "ChessBase"]
[SourceDate "1993.12.01"]
[SourceVersion "1"]
[SourceVersionDate "1993.12.01"]
[SourceQuality "1"]

1. d4 {Hjartarson,J} Nf6 2. c4 e6 3. Nf3 b6 4. g3 Ba6 5. Nbd2 c5 6. Bg2 (6. e4
cxd4 7. e5 Ng4 8. h3 Nh6 9. Bg2 Nc6 $10) 6... Nc6 7. O-O $5 (7. dxc5 bxc5 (7...
Bxc5 $10) 8. O-O Be7 $10) (7. Qa4 Bb7 8. dxc5 Bxc5 $5 $10) (7. Ne5 $6 Nxd4 8.
Bxa8 Qxa8 $44) (7. Qa4 {Hjartarson,J}) 7... cxd4 8. a3 Qc8 (8... Be7 $6 9. b4
Bb7 10. Nxd4 (10. Nxd4 {Hjartarson,J} Qc8 (10... Qc7 $2 11. Nb5 Qb8 12. Nf3 $16
{/\} a6 $2 13. Bf4 e5 14. Nxe5 Nxe5 15. Bxe5 Qxe5 16. Bxb7 $18) 11. e3 $14)) 9.
b4 Bb7 10. Bb2 Be7 11. Nb3 (11. Nxd4 Nxd4 12. Bxd4 Bxg2 13. Kxg2 Qb7+ $10)
11... d6 12. b5 $6 (12. Nbxd4 $142 Nxd4 13. Qxd4 O-O $10 (13... O-O {
Hjartarson,J} 14. Rac1 Rd8 $10)) 12... Nb8 (12... Ne5 $6 {Hjartarson,J} 13.
Nbxd4 $1 Nxf3+ (13... Nxc4 $2 14. Rc1 d5 15. Ne5 O-O 16. Nxc4 dxc4 17. Bxb7
Qxb7 18. Rxc4 $16) 14. Bxf3 Bxf3 15. exf3 Qxc4 16. Rc1 Qd5 17. f4 $44 {><c6})
13. Nfxd4 $2 (13. Nbxd4 e5 14. Nc2 Nbd7 15. Ne3 Nc5 $10) (13. Qxd4 {Hjartarson,
J} Nbd7 $10) 13... Bxg2 14. Kxg2 e5 (14... Qxc4 $1 15. Rc1 Qd5+ 16. Nf3 Qxd1
17. Rfxd1 Nbd7 18. Rc7 e5 $17) 15. Nf3 Qxc4 16. Rc1 Qe6 17. Rc7 Nbd7 (17... O-O
$5 18. Ng5 Qd5+ 19. e4 Qxd1 20. Rxd1 Nbd7 $17) 18. e4 (18. Ng5 $2 {Hjartarson,J
} Qd5+ 19. Qxd5 $2 Nxd5 20. Nxf7 Rf8 $19) 18... h6 (18... Nxe4 19. Re1 (19.
Rxd7 $1 {Hjartarson,J} Kxd7 (19... Qxd7 20. Qd5 O-O 21. Qxe4 Qxb5 22. Nfd2 $132
) 20. Nxe5+ Ke8 21. Nc6 $44) 19... f5 (19... d5 20. Rc6 Bd6 21. Rxe4 dxe4 22.
Ng5 $16) (19... Ndf6 20. Nbd4 exd4 21. Nxd4 Qa2 22. Qc2 $44) 20. Nbd4 exd4 21.
Nxd4 Qd5 22. f3 Nef6 23. Qe2 $40) (18... O-O $2 19. Ng5 Qg4 20. Qxg4 Nxg4 21.
Rxd7 Bxg5 22. Rxd6 $14) 19. Nh4 $2 (19. Re1 $142 $1 {/\} O-O 20. Nfd4 $1 exd4
21. Nxd4 Qa2 (21... Qe5 22. f4 $16) 22. Qc2 Bd8 23. Rxd7 Nxd7 24. Ra1 Qxa1 25.
Bxa1 Bf6 $15) 19... Nxe4 (19... g6 {Hjartarson,J} 20. Qd3 O-O 21. f4 $44) 20.
Qf3 Bxh4 21. Qxe4 O-O $17 22. Nd4 (22. Qxh4 Qxb3 23. Rxd7 Qxb2 $17) 22... exd4
23. Qxh4 (23. Qxe6 fxe6 24. Rxd7 Rfd8 25. Rxd8+ Bxd8 26. Bxd4 Rc8 $17) 23...
Qd5+ 24. f3 Nc5 (24... Qxb5 {Hjartarson,J} 25. Qxd4 Nf6 26. Rf2 Rfd8 $17) 25.
Qxd4 Qxd4 26. Bxd4 Ne6 27. Rc4 d5 (27... Rfc8 $5 28. Rfc1 Rxc4 29. Rxc4 d5 30.
Ra4 Rc8 $17) 28. Ra4 Nc5 (28... Rfc8 $5 $17) 29. Bxc5 bxc5 30. Ra6 Rfb8 (30...
Rfc8 $5 31. Rd1 d4 32. Kf2 Kf8 $17) 31. a4 Rb6 32. Ra5 c4 33. Rc1 $1 (33. Rd1
$2 c3 34. Rxd5 Rc8 35. Rd1 c2 (35... Rd6 $1 {Hjartarson,J} 36. Rc1 c2 $19) 36.
Rc1 Rd6 37. Rxa7 Rd1 $19) 33... Rb7 (33... Rd6 $1 34. Kf2 Rc8 35. Rxa7 d4 36.
a5 d3 37. b6 d2 38. b7 Rcd8 39. Rd1 c3 $19) 34. Ra6 (34. b6 Rxb6 35. Rxd5 Rc8
$17) 34... Rb6 35. Ra5 Rb7 36. Ra6 Rd8 37. Rc6 Rb6 38. Rc5 a6 39. Rd1 axb5 40.
axb5 Rbd6 41. Kf2 (41. f4 {Hjartarson,J} g6 42. Kf3 h5 $17) 41... Kf8 42. Rd4
$6 (42. h4 $5 Ke7 43. h5 Ke6 44. Ra1 Ke5 45. Ke3 $17) (42. f4 {Hjartarson,J}
Ke7 $17) 42... Ke7 43. Rd2 g5 44. f4 (44. Re2+ {Hjartarson,J} Re6 45. Rd2 Re5
46. f4 gxf4 47. gxf4 Rh5 $19) 44... g4 $1 45. h3 $2 (45. Re2+ {Hjartarson,J}
Kf8 46. Rd2 Kg7 47. Rd1 Kg6 48. Rd2 Kf5 49. Re2 f6 $19) 45... gxh3 46. g4 f5 $1
$19 47. Kg3 (47. gxf5 Rg8 48. Kf3 Kf6 49. Rcxd5 Rxd5 50. Rxd5 c3 51. Rd1 c2 52.
Rc1 h2 $19) 47... Rg8 48. Rcxd5 Rxd5 49. Rxd5 fxg4 50. Rc5 h5 51. Rxh5 (51.
Rxc4 {Hjartarson,J} h4+ $19) 51... c3 52. b6 (52. Rc5 {Hjartarson,J} Rh8 $19)
52... Kd6 53. Rh7 Rc8 54. Rh6+ Kc5 55. Rh7 Kxb6 0-1

[Event "Interzonal-16"]
[Site "Biel"]
[Date "1993.??.??"]
[Round "2"]
[White "Van der Sterren, Paul"]
[Black "Hansen, Curt"]
[Result "1/2-1/2"]
[WhiteElo "2525"]
[BlackElo "2590"]
[Annotator "Dautov,R"]
[PlyCount "59"]
[EventDate "1993.07.16"]
[EventType "swiss"]
[EventRounds "13"]
[EventCountry "SUI"]
[SourceTitle "CBM 037"]
[Source "ChessBase"]
[SourceDate "1993.12.01"]
[SourceVersion "1"]
[SourceVersionDate "1993.12.01"]
[SourceQuality "1"]

1. d4 e6 2. c4 Nf6 3. Nf3 b6 4. g3 Ba6 5. b3 Bb7 6. Bg2 Bb4+ 7. Bd2 Be7 8. Nc3
O-O 9. O-O Na6 10. Ne5 d5 11. cxd5 exd5 12. Bf4 $5 (12. Rc1 Qc8 13. Bg5 Rd8 14.
f4) (12. Rc1 c5 $1 13. dxc5 bxc5 14. Bf4 Rc8 15. e3 Nc7 16. Ng4 Ne4 $10) (12.
Bc1 {/\Bb2}) 12... Qc8 (12... c5 13. dxc5 bxc5 (13... Nxc5 14. Nb5 $14) 14. Nc4
$1 $14) 13. Rc1 Rd8 14. Qc2 c5 (14... Qe6 15. Rfd1 h6 16. Nd3 Ba3 17. Rb1 Nb4
18. Nxb4 Bxb4 19. Nb5 Rdc8 $13) 15. Rfd1 Qe6 16. Nb5 h6 (16... Ne4 {>=} 17.
dxc5 bxc5 (17... Bxc5 18. Nd3 $14) 18. Bxe4 dxe4 $10) 17. Qb1 Ne4 18. Be3 Bf8 (
18... Bf6 19. Nd3 Bc6 20. a4 Bxb5 21. axb5 cxd4 22. Nf4 Qe8 23. Bxd4 Qxb5 24.
Nxd5 $16) 19. a4 $14 Qe8 20. dxc5 $6 (20. Nd3 $1 $14 Bc6 21. Nf4 Nf6 (21...
Bxb5 22. axb5 Nb4 23. dxc5 bxc5 24. Bxe4 dxe4 25. Rxd8 Rxd8 26. Bxc5 Bxc5 27.
Rxc5 e3 28. Qf5 $16) 22. Qf5 {/\} Qd7 (22... Bd7 23. Qe5 Bxb5 24. axb5 Qxb5 25.
Nxd5 Nxd5 26. Bxd5 Rac8 27. Bc4 $18) 23. Qxd7 Rxd7 24. Nd3 $16) 20... Bxc5 (
20... Qxe5 $2 21. c6 Bxc6 (21... Bc8 $2 22. Bxe4 $18) 22. Rxc6 $16) (20... bxc5
$5 21. Bxe4 (21. Nd3 d4 $132) 21... Qxe5 (21... dxe4 $2 22. Nc4 Bd5 23. Rd2 $16
) 22. Bf3 Rd7 $10) 21. Bxc5 (21. Ng4 Qe6 22. Bxc5 bxc5 23. Bxe4 (23. Ne3 $6 d4
24. Nc4 Rd7 $10) 23... Qxg4 $10) 21... bxc5 $10 22. Bxe4 Qxe5 (22... dxe4 $6
23. Nc4 $14) 23. Bf3 Qe7 24. e3 Nb4 25. Qf5 a6 26. Nc3 d4 27. Bxb7 Qxb7 28. Qe4
Qb6 (28... Qxe4 $6 29. Nxe4 dxe3 30. fxe3 Re8 31. Rc4 $14) (28... Qa7 29. exd4
cxd4 30. Ne2 d3 31. Qxb4 dxe2 32. Re1 Re8 33. Qc4 Qb7 $10) 29. a5 Qxa5 30. exd4
1/2-1/2

[Event "Tilburg"]
[Site "Tilburg"]
[Date "1994.??.??"]
[Round "2"]
[White "Karpov, Anatoly"]
[Black "Kurajica, Bojan"]
[Result "1/2-1/2"]
[WhiteElo "2780"]
[BlackElo "2565"]
[Annotator "Dautov,R"]
[PlyCount "102"]
[EventDate "1994.09.??"]
[EventType "k.o."]
[EventRounds "7"]
[EventCountry "NED"]
[SourceTitle "CBM 044"]
[Source "ChessBase"]
[SourceDate "1995.02.01"]
[SourceVersion "1"]
[SourceVersionDate "1995.02.01"]
[SourceQuality "1"]

1. d4 Nf6 2. c4 e6 3. Nf3 b6 4. g3 Ba6 5. b3 d5 6. Bg2 Bb4+ 7. Bd2 Be7 8. cxd5
exd5 9. Nc3 O-O 10. O-O Bb7 11. Rc1 Na6 12. Qc2 (12. Ne5 h6 (12... Ba3 13. Rb1
Re8 14. Nd3 Bf8 15. Bg5 c6 16. b4 Nc7 {Brenninkmeijer-Sokolov,I/Groningen/1991}
17. a4 $14) 13. Qc2 Re8 14. Bf4 Ba3 15. Rcd1 c6 16. Bc1 Bd6 17. f4 c5 18. Nb5
Bf8 19. e3 Nc7 {Remis/Novikov-Aseev/URS-ch/1990}) 12... Ba3 $5 (12... Qc8 $5)
13. Rcd1 Re8 14. Ne5 (14. Nb5 $6 Bf8 {/\c6} 15. Ne5 c5 $10) 14... h6 15. Qf5 $1
Bb4 {/\c6,Nc7} (15... c6 16. e4 Nc7 17. exd5 Ncxd5 18. Nxd5 cxd5 19. b4 $1 {
ץa3} Ba6 (19... Qd6 20. Rb1) 20. Rfe1 Bb2 $2 21. Qb1 Bxd4 22. Nc6 $18) (15...
c5 $6 16. dxc5 bxc5 (16... Bxc5 17. Bf4 $16 {/\Nd5}) 17. Nc4 Bb4 18. a3 Bxc3
19. Bxc3 Rxe2 20. Bxf6 Qxf6 21. Qxf6 gxf6 22. Na5 Rb8 23. Nxb7 Rxb7 24. Bxd5
Rb6 25. Bc4 $16) 16. Rfe1 $14 c6 (16... c5 $6 17. dxc5 bxc5 18. Ne4 Bxd2 19.
Rxd2 Bc8 20. Qf4 $16) 17. e4 Nc7 (17... Bxc3 18. Bxc3 dxe4 19. Bxe4 $14) 18.
exd5 (18. Nxd5 $5 Ncxd5 (18... Bxd2 19. Nxc7 Bxe1 20. Nxe8 Bxf2+ 21. Kxf2 Qxe8
22. Nc4 Qe7 23. e5 Nd5 24. Nd6 Rd8 25. Bxd5 cxd5 26. Rc1 $16) 19. exd5 Bxd2 20.
Rxd2 (20. dxc6 $2 Bc8) 20... cxd5 21. Rc2 Rc8 22. Rec1 Rxc2 23. Qxc2 $14) 18...
Bxc3 19. Bxc3 Ncxd5 20. Bd2 (20. Bb2 $5 $14) 20... Qc8 21. Qc2 Ne7 (21... Qc7
22. Rc1 Re6 23. h4 $5 $14 {/\g4-g5}) 22. Bb4 (22. Rc1 Nfd5) 22... Ned5 23. Ba3
Qc7 24. Rc1 Rad8 25. f4 (25. Red1 $5 a5 $1 $8 26. Bh3 $6 (26. Nxc6 $2 Rc8 $17)
26... c5 {/\} 27. Nd3 $2 Nb4 28. Nxb4 axb4 29. Bxb4 Qc6 $17) 25... a5 26. Qf2
Qc8 27. h3 Qa8 $132 {/\a4} 28. g4 Nd7 29. Nc4 (29. Bxd5 $6 Nxe5 (29... cxd5 $2
30. Rc7 $16) 30. dxe5 Rxd5 $10) 29... a4 30. Bd6 (30. Nd6 Rxe1+ 31. Rxe1 axb3
32. Nxb7 Rb8 33. Bb2 Rxb7 34. axb3 Ra7 $10) (30. b4 Qb8 $132) 30... c5 31. dxc5
Nb4 32. Rxe8+ Rxe8 33. Bxb7 (33. Rd1 axb3 34. axb3 bxc5 $10) 33... Qxb7 34. Re1
Ra8 35. c6 Nxc6 $10 36. g5 b5 37. Nd2 hxg5 38. fxg5 axb3 39. axb3 Nf8 40. Ne4
Ng6 41. Nc5 (41. h4 $5 {/\} Qd7 42. h5 Qg4+ 43. Qg2 Qxh5 $2 44. Ng3 $16) 41...
Qc8 42. Rf1 Ra7 43. Qf5 Qxf5 44. Rxf5 Ra1+ 45. Kf2 (45. Rf1 Rxf1+ 46. Kxf1 Nh4
47. Ke2 Nf5 48. Bc7 Kh7 $10) 45... Rd1 46. Ne4 b4 47. Rc5 Nd4 48. Rc8+ Kh7 49.
Bxb4 Nxb3 50. Bc3 Rd3 51. Rc7 Kg8 1/2-1/2

[Event "Interzonal-16"]
[Site "Biel"]
[Date "1993.??.??"]
[Round "10"]
[White "Epishin, Vladimir"]
[Black "Yudasin, Leonid"]
[Result "1/2-1/2"]
[WhiteElo "2655"]
[BlackElo "2605"]
[Annotator "Dautov,R"]
[PlyCount "131"]
[EventDate "1993.07.16"]
[EventType "swiss"]
[EventRounds "13"]
[EventCountry "SUI"]
[SourceTitle "CBM 037"]
[Source "ChessBase"]
[SourceDate "1993.12.01"]
[SourceVersion "1"]
[SourceVersionDate "1993.12.01"]
[SourceQuality "1"]

1. d4 Nf6 2. c4 e6 3. Nf3 b6 4. g3 Ba6 5. b3 Bb4+ 6. Bd2 Be7 7. Bg2 d5 8. cxd5
exd5 9. Nc3 O-O 10. O-O Bb7 11. Rc1 Nbd7 12. Bf4 c6 13. Ne5 Re8 (13... Nxe5 14.
Bxe5 Nd7 15. Bf4 f5 16. Qd3 $14) (13... Bb4 $6 14. Bg5 Be7 15. f4 c5 16. e3 Re8
17. Qd3 cxd4 18. exd4 a6 19. Nd1 $1 Ne4 (19... h6 $142) 20. Bxe7 Rxe7 21. Ne3
Ndf6 22. g4 $16 {Epishin-Razuvaev/Rostov/1993}) 14. e4 Nf8 15. exd5 cxd5 16.
Bh3 a6 {N} (16... Ba3 17. Rc2 a6 18. Na4 Ne6 19. Bc1 Bd6 {Remis/Epishin-Aseev/
URS-ch/1991}) 17. Na4 Bd6 18. Be3 $1 $14 b5 (18... Ne6 19. Nc6 Bxc6 20. Rxc6
Rb8 21. Qd3 $16) 19. Nc5 Bc8 20. Bg2 $1 (20. Bxc8 Rxc8 21. Ned3 $1 (21. Nxa6 $6
Qa5 22. Rxc8 Rxc8 23. Nc5 Rxc5 24. dxc5 Bxe5 $15) 21... Qb6 22. Rc2 $14 {><c5})
20... Bxe5 21. dxe5 Rxe5 22. Bd4 Re8 23. Bxf6 Qxf6 24. Bxd5 (24. Qxd5 Rb8 (
24... Bf5 25. Qxa8 Rxa8 26. Bxa8 $16) (24... Ra7 25. Ne4 {/\Nd6}) 25. Ne4 Qe6
26. Nd6 Rd8 27. Rc6 $14) 24... Bh3 (24... Rb8 25. Ne4 Qg6 26. Nd6 $16) 25. Bxa8
Bxf1 26. Ne4 (26. Bb7 $6 Be2 27. Qd2 Bf3 28. Bxa6 Re2 29. Qf4 Qxf4 30. gxf4
Rxa2 31. Bxb5 Ng6 $44) 26... Qh6 (26... Qe7 $2 27. Bc6 $18) (26... Qb6 27. Bd5
Bh3 28. Bxf7+ Kxf7 29. Ng5+ $16) 27. Rc6 $1 $16 Ne6 (27... Qh3 28. Qxf1 Qxf1+
29. Kxf1 Rxa8 30. Nc5 a5 31. a3 $16 {/\Rb6}) 28. Rxa6 Bh3 29. Bd5 Qg6 (29...
Rc8 30. Ra8 $5 Rxa8 31. Bxa8 $16) 30. Bxe6 $1 (30. Ra8 $5) 30... fxe6 (30...
Bxe6 31. Nc5 $16) 31. f3 Bf5 32. Nd6 (32. Qd7 $5 Rf8 33. Rc6 {/\Rc8} Bxe4 34.
fxe4 Qg5 35. Qxe6+ Kh8 36. Qf5 $1 Qe3+ 37. Kg2 Qd2+ 38. Kh3 $16) 32... Rd8 33.
Qd4 $6 (33. Qe1 $16) (33. Rc6 $16 {/\Rc8}) 33... Bh3 34. Qe4 $2 (34. Qd1 $16)
34... Qf6 $132 35. Rc6 (35. g4 Qa1+ 36. Kf2 Qf1+ 37. Kg3 Qg2+ 38. Kh4 Bxg4 $1
39. Qxg4 Qxh2+ 40. Qh3 g5+ $1 41. Kg4 h5+ 42. Qxh5 Qg2#) 35... Qa1+ 36. Kf2
Qxa2+ 37. Qe2 Qxb3 38. g4 $6 (38. Nxb5 $142 $10) 38... Qd5 39. Nb7 $8 Rf8 (
39... Rb8 40. Na5 {/\Kg3,Qe6}) 40. Qxe6+ Qxe6 41. Rxe6 Bxg4 42. Rb6 $1 $15 (42.
Re3 Bd7 43. Nc5 (43. Nd6 $2 b4 $17) 43... Bc6 $17) 42... Rxf3+ (42... Bxf3 43.
Nd6 $15) 43. Kg2 h6 44. Rxb5 Rc3 45. Nd6 Kh7 46. Rb4 Bf3+ 47. Kf2 Bd5 48. Rd4
Rc2+ 49. Ke3 Ba8 50. Rd2 Rc3+ 51. Rd3 Rc1 52. Ra3 Bc6 53. Ra7 Rc3+ 54. Kd4 Rc2
55. Rc7 Rd2+ 56. Ke5 Ba4 57. Nf5 Rg2 58. Kf4 Bb3 59. Kf3 Bd5+ 60. Kf4 Be6 61.
Kf3 Rg6 62. Ne3 h5 63. Rc5 Rf6+ 64. Kg3 Kh6 65. Rc6 Kg6 66. Rb6 1/2-1/2

[Event "Interzonal-16"]
[Site "Biel"]
[Date "1993.??.??"]
[Round "9"]
[White "Van der Sterren, Paul"]
[Black "Khalifman, Alexander"]
[Result "1/2-1/2"]
[WhiteElo "2525"]
[BlackElo "2645"]
[Annotator "Dautov,R"]
[PlyCount "118"]
[EventDate "1993.07.16"]
[EventType "swiss"]
[EventRounds "13"]
[EventCountry "SUI"]
[SourceTitle "CBM 037"]
[Source "ChessBase"]
[SourceDate "1993.12.01"]
[SourceVersion "1"]
[SourceVersionDate "1993.12.01"]
[SourceQuality "1"]

1. d4 Nf6 2. c4 e6 3. Nf3 b6 4. g3 Ba6 5. b3 b5 6. cxb5 Bxb5 7. Bg2 Bb4+ 8. Bd2
a5 9. O-O O-O 10. a3 (10. Re1) (10. Nc3) 10... Be7 11. Nc3 Ba6 12. Ne5 (12. Qc2
$142 $1 d5 13. Rfc1 Nbd7 14. e4 c5 15. exd5 exd5 16. Be3 Rc8 17. Qd1 Re8 18.
Bh3 Rb8 19. Bf4 Rb7 20. Ne5 $16 {Karpov-Christiansen/Wijk 25'/1993}) 12... d5
13. Be3 (13. Qc2 Nfd7 14. Nxd7 Nxd7 $10 {/\c5}) 13... Nfd7 14. Nd3 Nb6 $5 (
14... Bxd3 15. Qxd3 c5 16. Rfc1 (16. dxc5 Nxc5 (16... Bxc5 17. Rfc1 Qe7 $10)
17. Bxc5 Bxc5 18. e4 d4 19. e5 Nd7 20. Bxa8 Qxa8 21. Rfe1 $14) 16... Na6 $132)
15. a4 (15. Nc5 N8d7 16. Nxa6 Rxa6 17. Qd3 Ra8 $10 18. Qb5 $6 c6 19. Qd3 c5 $10
) 15... Nc6 16. Nb5 Nb4 17. Rc1 Nxd3 18. Qxd3 Qd7 $1 {/\c6} (18... Bxb5 19.
Qxb5 $14) (18... Rc8 19. Rc6 Bb7 20. Rc2 c6 21. Na7 Rc7 22. Bf4 Bd6 23. Bxd6
Qxd6 24. Rfc1 Qd7 25. Qc3 Ra8 26. Qc5 Rxa7 27. Qxb6 Ra6 28. Qc5 $14) 19. Rxc7
$8 Qxc7 20. Nxc7 Bxd3 21. Nxa8 Rxa8 22. exd3 Bb4 $1 $10 23. Rc1 Rc8 24. Kf1 Kf8
25. Ke2 Ke8 26. f4 Kd7 27. Rxc8 Nxc8 {/\Ne7-c6,Bc3,><d4} 28. Bc1 Bc3 (28... Ne7
29. Bb2 $10) 29. Bd2 Bxd2 30. Kxd2 Ne7 31. Kc3 Nc6 32. Bf3 Ke7 33. h4 Kf6 34.
Bg4 g6 35. Bh3 h6 36. Bg4 Kg7 (36... g5 37. hxg5+ hxg5 38. fxg5+ Kxg5 39. Bf3
$10) 37. Bd1 Nb4 38. Bg4 g5 39. hxg5 hxg5 40. fxg5 Kg6 41. Bd1 Kxg5 42. Be2 Nc6
43. Bd1 Kf6 44. Bh5 Ke7 45. Bd1 Kd6 46. Bh5 f6 47. Bg4 Ke7 48. Bh5 Kf8 49. Bd1
Kg7 50. Bh5 f5 51. Bd1 Kg6 52. Be2 Kg5 53. Bd1 Nb4 54. Be2 Nc6 55. Bd1 f4 56.
gxf4+ Kxf4 57. Bh5 Ke3 58. Be8 Nb4 $8 (58... Nxd4 $2 59. b4 Ne2+ 60. Kb2 axb4
61. a5 $18) 59. Bf7 Na2+ (59... Na2+ 60. Kb2 Nb4 61. Kc3 Na2+ $10) 1/2-1/2

[Event "Novosibirsk"]
[Site "Novosibirsk"]
[Date "1993.??.??"]
[Round "5"]
[White "Epishin, Vladimir"]
[Black "Beliavsky, Alexander G"]
[Result "1-0"]
[WhiteElo "2620"]
[BlackElo "2610"]
[Annotator "Dautov,R"]
[PlyCount "107"]
[EventDate "1993.06.??"]
[EventType "tourn"]
[EventRounds "11"]
[EventCountry "RUS"]
[EventCategory "14"]
[SourceTitle "CBM 036"]
[Source "ChessBase"]
[SourceDate "1993.10.01"]
[SourceVersion "1"]
[SourceVersionDate "1993.10.01"]
[SourceQuality "1"]

1. d4 Nf6 2. c4 e6 3. Nf3 b6 4. g3 Ba6 5. b3 d5 6. Bg2 dxc4 7. Ne5 Bb4+ 8. Kf1
c6 9. Nxc4 {N} (9. bxc4 O-O 10. Bb2 Qc7 11. Qc2 Rd8 12. Nd3 Ba5 (12... Be7 13.
Nd2 Nbd7 14. e4 $16) 13. Na3 Nbd7 14. Bf3 Rac8 15. e4 c5 16. e5 cxd4 17. exf6
Nxf6 $44 {Kurajica-Karpov/Bugojno/1980}) (9. Nxc6 Nxc6 10. Bxc6+ Ke7 11. Bxa8 (
11. bxc4 $6 Bxc4 12. Qa4 a5 13. a3 b5 $1 14. Bxb5 Qxd4 $15) 11... Qxa8 12. f3
Rd8 13. Kf2 (13. Ba3 $5 Bxa3 14. Nxa3 cxb3 15. Qxb3 Rxd4 16. Kf2 $16) 13... e5
14. Ba3 Bxa3 15. Nxa3 Rxd4 16. Qc2 Qd5 17. Nxc4 Bxc4 18. bxc4 Qc5 19. Kg2 Nd5
20. Qc1 Rxc4 21. Qg5+ $16 {Bouaziz-Hansen,J/Thessaloniki ol/1984}) 9... O-O 10.
Bb2 Qc7 11. Nbd2 Nbd7 $10 12. Ne4 Be7 (12... Rac8 13. Nxf6+ Nxf6 14. Rc1 Bb7
15. Ne5 c5 16. a3 Bxg2+ 17. Kxg2 Qb7+ 18. Nf3 Ba5 19. dxc5 bxc5 20. Bxf6 gxf6
21. Rc4 $16) 13. Qc2 (13. Rc1 Bb7 14. Ncd2 (14. Nxf6+ Bxf6 $10) 14... Rac8 15.
Bf3 Qb8 $10 {/\c5}) 13... Rad8 $6 (13... Rac8 $1 14. Rc1 Bb7 15. Nxf6+ Nxf6 (
15... Bxf6 $10) 16. Nd2 c5 $10) 14. Rc1 Bb7 15. Nxf6+ Bxf6 (15... Nxf6 16. Nd2
(16. Ne5 c5 17. dxc5 Bxc5 $10) 16... Rc8 {/\Qb8,c5=}) 16. Nd2 c5 $2 (16... Rc8
$1 17. Ne4 Be7 18. Bf3 Qb8 19. Kg2 c5 20. dxc5 Nxc5 21. Qc3 e5 $1 $10) 17. Ne4
Be7 (17... Rc8 18. Nxf6+ Nxf6 19. dxc5 Bxg2+ 20. Kxg2 Qc6+ 21. f3 $16) 18. dxc5
bxc5 (18... Nxc5 19. Qc3 f6 20. b4 Na6 21. Qxc7 Nxc7 22. Nxf6+ Bxf6 23. Bxf6
Bxg2+ 24. Kxg2 Rxf6 25. Rxc7 Rd2 26. Rxa7 Rxe2 27. Rf1 $16) 19. Qc3 Nf6 20. Bf3
$14 {><c5} Rc8 21. Kg2 Bd5 22. Nd2 Rfd8 (22... Bxf3+ $2 23. Nxf3 $16) 23. Nc4
Qb7 24. Rhd1 Ne8 25. Qe3 h6 26. h4 Bf6 27. Rd3 Qa6 28. Bxf6 Nxf6 29. Rc2 Rd7 (
29... Bxc4 30. Rxc4 (30. bxc4 $1 Qa4 31. Rcd2 Rxd3 32. Qxd3 Rb8 33. Qd6 Qb4 34.
a3 Qb6 $14) 30... Qxa2 (30... Rxd3 31. Qxd3 Qxa2 32. b4 $16) 31. Qxc5 $1 Qa6 $8
32. Rxd8+ Rxd8 33. Ra4 Qb6 34. b4 Rd7 $14) 30. Ne5 Rdc7 31. Rdc3 Qb5 (31...
Bxf3+ $2 32. Qxf3 Nd5 33. Rc4 Nb6 34. Rg4 $16) 32. Qf4 Qb7 33. Nd3 Qb5 34. Qe3
Bxf3+ $2 (34... c4 $2 35. Nb2 $16 Ng4 36. Qf4 Ne5 37. e4 Nxf3 38. Qxf3 Bc6 39.
Nxc4 $16) (34... Nd7 $142 $1) 35. Qxf3 Nd5 36. Rc4 Nb6 37. Rg4 $16 f5 (37... c4
38. Qf6 g6 39. Ne5 Nd5 40. Rxg6+ fxg6 41. Qxg6+ $40) 38. Rg6 Qe8 39. h5 Nd5 (
39... c4 40. Nf4 Rc6 (40... e5 41. Nd5 $16) 41. bxc4 Nxc4 42. Rxc4 Rxc4 43.
Nxe6 $40) 40. e4 $1 fxe4 41. Qxe4 Nf6 42. Qe5 Qc6+ 43. f3 Rf7 $6 (43... Qd5 44.
Qxf6 Qxd3 45. Qxe6+ Kh7 46. Qc4 $16) 44. Rxc5 $18 Qd7 45. Rxc8+ Qxc8 46. Nc5
Re7 47. b4 Kh7 48. g4 Qd8 49. Ne4 Nd5 50. g5 Qf8 51. Kg3 Rf7 52. Rxh6+ Kg8 53.
Qxe6 Qxb4 54. Qxd5 1-0

[Event "Novosibirsk"]
[Site "Novosibirsk"]
[Date "1993.??.??"]
[Round "3"]
[White "Goldin, Alexander"]
[Black "Psakhis, Lev"]
[Result "0-1"]
[WhiteElo "2555"]
[BlackElo "2575"]
[Annotator "Dautov,R"]
[PlyCount "112"]
[EventDate "1993.06.??"]
[EventType "tourn"]
[EventRounds "11"]
[EventCountry "RUS"]
[EventCategory "14"]
[SourceTitle "CBM 036"]
[Source "ChessBase"]
[SourceDate "1993.10.01"]
[SourceVersion "1"]
[SourceVersionDate "1993.10.01"]
[SourceQuality "1"]

1. d4 Nf6 2. c4 e6 3. Nf3 b6 4. g3 Ba6 5. b3 Bb4+ 6. Bd2 Be7 7. Bg2 Bb7 8. Nc3
O-O 9. O-O Na6 10. Ne5 d5 (10... Bxg2 11. Kxg2 Qc8 12. e4 Qb7 13. Qf3 Nb4 14.
Rad1 d6 15. Nd3 Nxd3 16. Qxd3 $14) 11. cxd5 exd5 12. Rc1 h6 (12... c5 13. Be3 (
13. dxc5 bxc5 14. Bf4 Rc8 15. e3 Nc7 16. Ng4 Ne4 17. Bxc7 Rxc7 18. Nxe4 dxe4
19. Ne5 Qc8 $10) 13... Ne4 14. Nxe4 dxe4 15. dxc5 Bxc5 16. Nd7 Bxe3 17. fxe3
Re8 18. Qd4 $14 {Karpov,Zaitsev}) (12... Qc8 13. Bg5) 13. Be3 $5 {N} (13. Qc2
$5 Qc8 14. Qb2 c5 15. Be3 Qf5 16. Nd3 Ne4 17. Nf4 Nxc3 (17... Bf6 $5) 18. Qxc3
Rfd8 19. Rfd1 g5 20. Nh5 Qg6 21. g4 Bc8 22. h3 Be6 23. dxc5 Nxc5 24. Bd4 $16 {
Neverovsky-Aseev/URS-chT Podolsk/1990}) 13... Qc8 14. Qc2 Ba3 $5 15. Rb1 c6 16.
Nd3 $2 (16. f4 {>=} Nb4 (16... Re8 17. h3 {/\g4-g5->}) 17. Qd2 Qf5 18. h3 Qc2
19. g4 Qxd2 20. Bxd2 $14 {/\g5}) 16... Nb4 $1 17. Nxb4 Bxb4 $10 18. Qb2 $6 (18.
Bd2 Re8 19. Rfe1 Qd7 (19... Qe6 $5 20. e4 (20. Nxd5 $2 Nxd5 21. Bxd5 Qxd5 22.
Bxb4 c5 23. e4 Qxd4 $17) 20... dxe4 21. Nxe4 Bxd2 22. Qxd2 Nxe4 23. Rxe4 Qd6
$10) 20. Rbd1 Rad8 21. Ne4 Be7 22. Nxf6+ Bxf6 $10) 18... Qf5 {/^b1-h7,/\Re8-e6}
19. Bd2 (19. a3 Bxc3 20. Qxc3 Rfe8 21. Rfe1 Re6 $10) 19... Rfe8 20. Rbc1 Ba6
21. Rfe1 Bxc3 (21... Re6 $5 {/\} 22. Nxd5 $2 Nxd5 23. Bxd5 Bxd2 24. Bxe6 Bxc1
$19) 22. Bxc3 Ng4 23. e3 (23. Bf3 Re6 (23... Qh5 24. h4 g5 $2 25. Kg2 gxh4 26.
Rh1 $16) 24. h3 Nf6 25. Kg2 Rae8 $36 {/\h5,g5-g4}) 23... h5 24. Qd2 (24. h3 $1
{>=} Nf6 25. f3 Re6 26. Bd2 $10 Rae8 $6 27. Qa3 Qd3 28. Rcd1 $16) 24... Re6 25.
f3 Nf6 26. Qf2 Rae8 (26... g5 $6 27. e4 $1) 27. Bd2 (27. h3 $1 g5 28. g4 Qg6
29. Bd2 $10) 27... g5 $1 28. Rc3 g4 29. e4 $2 (29. fxg4 Qxf2+ 30. Kxf2 hxg4 31.
Rec1 Bb7 $15) (29. Rec1 Bb7 30. Rf1 gxf3 31. Qxf3 Qxf3 32. Bxf3 Ne4 33. Bxe4
Rxe4 34. Rf4 $10) 29... dxe4 30. fxe4 Qxf2+ 31. Kxf2 Nxe4+ 32. Bxe4 Rxe4 $17
33. Rce3 Rxe3 34. Rxe3 $6 (34. Bxe3 {>=} Rd8 35. Rc1 Rd6 $17) 34... Rd8 35. Bc3
Rd6 {/\Rf6} 36. Re8+ Kh7 37. Re7 Rf6+ 38. Ke3 (38. Kg1 Rf1+ 39. Kg2 Rf3 40. Bb2
Bf1+ 41. Kg1 Bh3 42. Re1 Kg6 $19) 38... Rf3+ 39. Kd2 Kg6 40. Rxa7 Rf2+ 41. Ke1
Rxa2 42. Bd2 f6 43. Ra8 Ra1+ 44. Kf2 Rf1+ 45. Kg2 Bd3 46. Bf4 Rb1 $19 47. Rh8
Rb2+ 48. Kg1 Rxb3 49. Rh6+ Kf5 50. Rxh5+ Ke4 51. Kf2 Rb2+ 52. Ke1 Kxd4 53. Rh6
Be4 54. Rxf6 Rxh2 55. Bc7 b5 56. Rf4 b4 0-1